Warrior cats deputy - Statistics

General Stats
  • This quiz has been taken 40 times
    13 since last reset
  • The average score is 27 of 67
Answer Stats
% Correct
Graystripe
100%
Stonefur
100%
Crowfeather
80%
Deadfoot
80%
Lionheart
80%
Mudclaw
80%
Redtail
80%
Russetfur
80%
Shellheart
80%
Whitestorm
80%
Ashfoot
60%
Cinderfur
60%
Hawkwing
60%
Ivypool
60%
Juniperclaw
60%
Oakheart
60%
Reedwhisker
60%
Sharpclaw
60%
Tawnypelt
60%
Tawnyspots
60%
Berrynose
40%
Bristlefrost
40%
Cloudpelt
40%
Cloverfoot
40%
Crowfrost
40%
Foxheart
40%
Harelight
40%
Lightning tail
40%
Milkfur
40%
Owlnose
40%
Pebblenose
40%
Reedfeather
40%
Stonetooth
40%
Sun shadow
40%
Waspwhisker
40%
Acorntail
20%
Beetail
20%
Berryheart
20%
Brightwhisker
20%
Daisyheart
20%
Fang
20%
Floatweed
20%
Gorsefoot
20%
Greeneyes
20%
Honeyleaf
20%
Lakestorm
20%
Leafstorm
20%
Maplewhisker
20%
Marshscar
20%
Moon shadow
20%
Mudpuddle
20%
Mumblefoot
20%
Nightmask
20%
Pebblefur
20%
Petalfall
20%
Raincloud
20%
Rainsplash
20%
Ravencry
20%
Seedpelt
20%
Silvermask
20%
Sloefur
20%
Spiketail
20%
Sunnytail
20%
Timberfur
20%
Tinyclaw
20%
Tumbletail
20%
Vinetail
20%
No matching quizzes found
Score Distribution
Percent of People with Each Score
Percentile by Number Answered
Your Score History
You have not taken this quiz since the last reset